[Event "17MCR_PFA"]
[Site "?"]
[Date "2003.??.??"]
[Round "?"]
[White "Vondracek, Emil"]
[Black "Volek, Stanislav"]
[Result "1/2-1/2"]
[WhiteElo "2275"]
[BlackElo "2265"]
[PlyCount "97"]
[EventDate "2003.??.??"]
[EventType "corr"]
[EventRounds "1"]
[SourceDate "2005.10.25"]

1. e4 e6 2. d4 d5 3. Nc3 Bb4 4. exd5 exd5 5. Bd3 Nc6 6. a3 Bxc3+ 7. bxc3 Nf6 8.
Qe2+ Be6 9. Qf3 h6 10. Rb1 Qe7 11. Kf1 Na5 12. Ne2 O-O-O 13. h3 Rhe8 14. Kg1
Ne4 15. c4 Qd7 16. c5 f5 17. Qh5 Qe7 18. h4 Qf6 19. Bf4 g6 20. Qf3 g5 21. Be5
Qf7 22. hxg5 hxg5 23. Qh5 Qe7 24. Qh7 Qxh7 25. Rxh7 Rd7 26. Rh5 Nc6 27. f3 Nxe5
28. dxe5 Nxc5 29. Rxg5 Rf7 30. Nd4 Nxd3 31. cxd3 f4 32. Kf2 Bd7 33. Re1 Rfe7
34. Ne2 Rxe5 35. Rxe5 Rxe5 36. Nxf4 Rxe1 37. Kxe1 d4 38. g4 c5 39. Ng6 Kc7 40.
Ne5 Be8 41. f4 Kd6 42. Nc4+ Kd5 43. Nd2 b5 44. Ne4 Bc6 45. g5 c4 46. Kd2 Ke6
47. Ng3 c3+ 48. Kc2 Be8 49. Ne2 1/2-1/2

[Event "17MCR_PFA"]
[Site "?"]
[Date "2003.??.??"]
[Round "?"]
[White "Prchly, Milos"]
[Black "Novak, Vratislav"]
[Result "1-0"]
[WhiteElo "2270"]
[BlackElo "2265"]
[PlyCount "89"]
[EventDate "2003.??.??"]
[EventType "corr"]
[EventRounds "1"]
[SourceDate "2005.10.25"]

1. d4 d5 2. c4 e6 3. Nc3 c6 4. Nf3 Nf6 5. e3 Nbd7 6. Bd3 dxc4 7. Bxc4 b5 8. Bd3
Bb7 9. e4 b4 10. Na4 c5 11. e5 Nd5 12. Nxc5 Nxc5 13. dxc5 Bxc5 14. O-O Rc8 15.
Ng5 Be7 16. Nxh7 a5 17. Re1 g6 18. Bb5+ Bc6 19. Bxc6+ Rxc6 20. Qa4 Qd7 21. Nf6+
Bxf6 22. exf6 Rc5 23. Qxd7+ Kxd7 24. Be3 Rc2 25. Bd4 Rhc8 26. Kf1 a4 27. Be5 g5
28. h3 Ke8 29. Re2 R8c4 30. Rae1 Kd7 31. g3 Rc8 32. Rxc2 Rxc2 33. Re2 Rc4 34.
Kg2 Kc6 35. b3 Rc5 36. f4 gxf4 37. gxf4 Ra5 38. h4 axb3 39. axb3 Ra8 40. Kf3
Ra3 41. Rb2 Kd7 42. h5 Ra8 43. h6 Rh8 44. Rh2 Rh7 45. Rh3 1-0

[Event "17MCR_PFA"]
[Site "?"]
[Date "2003.??.??"]
[Round "?"]
[White "Volek, Stanislav"]
[Black "Prchly, Milos"]
[Result "1-0"]
[WhiteElo "2265"]
[BlackElo "2270"]
[PlyCount "123"]
[EventDate "2003.??.??"]
[EventType "corr"]
[EventRounds "1"]
[SourceDate "2005.10.25"]

1. d4 Nf6 2. Nf3 e6 3. Bg5 c5 4. e3 cxd4 5. exd4 Be7 6. c3 d6 7. Bd3 Nbd7 8.
Nbd2 b6 9. O-O Bb7 10. Re1 O-O 11. a4 Nd5 12. Bxe7 Qxe7 13. a5 bxa5 14. Rxa5
N7f6 15. Qa4 Nf4 16. Bf1 Rfb8 17. Qa3 Bxf3 18. Nxf3 Rb7 19. Ba6 Rbb8 20. c4 Qc7
21. b4 h6 22. Bb5 Rb7 23. g3 Ng6 24. Ba6 Rbb8 25. c5 Ne7 26. Ra4 Ned5 27. Bc4
Nb6 28. cxb6 Qxc4 29. Rxa7 Rxa7 30. bxa7 Ra8 31. Ra1 Nd5 32. Qa6 Qc3 33. Ra3
Qc1+ 34. Kg2 Nc7 35. Qa4 Kh7 36. Qb3 Qc6 37. Ra5 Qb7 38. Qa3 Nd5 39. b5 Nb6 40.
Ra6 Nd5 41. Qxd6 Qxb5 42. Ra3 Qb7 43. Qa6 Qc7 44. Ne5 Kg8 45. h4 g6 46. Nc6 Ne7
47. Nxe7+ Qxe7 48. Ra5 Qc7 49. h5 gxh5 50. d5 exd5 51. Rxd5 Rxa7 52. Qxh6 Qb7
53. Qg5+ Kh7 54. Qxh5+ Kg7 55. Kh2 Ra6 56. Qe5+ Rf6 57. Rd6 Qf3 58. Qxf6+ Qxf6
59. Rxf6 Kxf6 60. g4 Kg5 61. Kg3 f6 62. f3 1-0

[Event "17MCR_PFA"]
[Site "?"]
[Date "2003.??.??"]
[Round "?"]
[White "Jirku, Jaroslav"]
[Black "Vondracek, Emil"]
[Result "1/2-1/2"]
[WhiteElo "2265"]
[BlackElo "2275"]
[PlyCount "81"]
[EventDate "2003.??.??"]
[EventType "corr"]
[EventRounds "1"]
[SourceDate "2005.10.25"]

1. e4 e6 2. d4 d5 3. Nc3 Bb4 4. e5 c5 5. a3 Bxc3+ 6. bxc3 Ne7 7. Nf3 Bd7 8. a4
Qa5 9. Bd2 Nbc6 10. Be2 f6 11. c4 Qc7 12. exf6 gxf6 13. cxd5 Nxd5 14. c3 O-O-O
15. O-O Rhg8 16. Re1 Nf4 17. Bxf4 Qxf4 18. Qc1 Qf5 19. Qe3 Ne7 20. Nh4 Qd5 21.
Qf4 Qg5 22. Qxg5 Rxg5 23. f4 Rg7 24. Bc4 cxd4 25. cxd4 Nc6 26. Nf3 Re7 27. Rac1
Kb8 28. Rc3 Bc8 29. Rd3 Rd6 30. Rd2 Rc7 31. Bb3 Bd7 32. Kf2 Na5 33. Ba2 Rc3 34.
h4 b6 35. g4 Nc4 36. Bxc4 Rxc4 37. a5 bxa5 38. g5 fxg5 39. fxg5 Be8 40. d5 Kc7
41. dxe6 1/2-1/2

[Event "17MCR_PFA"]
[Site "?"]
[Date "2003.??.??"]
[Round "?"]
[White "Pytlik, Lesek"]
[Black "Kuta, Jiri"]
[Result "1/2-1/2"]
[WhiteElo "2260"]
[BlackElo "2305"]
[PlyCount "46"]
[EventDate "2003.??.??"]
[EventType "corr"]
[EventRounds "1"]
[SourceDate "2005.10.25"]

1. e4 c5 2. Nf3 Nc6 3. d4 cxd4 4. Nxd4 Nf6 5. Nc3 e5 6. Ndb5 d6 7. Bg5 a6 8.
Na3 b5 9. Bxf6 gxf6 10. Nd5 f5 11. c3 Bg7 12. exf5 Bxf5 13. Nc2 Be6 14. g3 O-O
15. Bg2 a5 16. O-O f5 17. Nf4 exf4 18. Bxc6 fxg3 19. hxg3 f4 20. Bd5 Bxd5 21.
Qxd5+ Kh8 22. Nd4 fxg3 23. fxg3 Be5 1/2-1/2

[Event "17MCR_PFA"]
[Site "?"]
[Date "2003.??.??"]
[Round "?"]
[White "Doubek, Svatopluk"]
[Black "Dedina, Miroslav"]
[Result "1/2-1/2"]
[WhiteElo "2255"]
[BlackElo "2325"]
[PlyCount "59"]
[EventDate "2003.??.??"]
[EventType "corr"]
[EventRounds "1"]
[SourceDate "2005.10.25"]

1. e4 e5 2. Nf3 Nc6 3. Bb5 a6 4. Ba4 Nf6 5. O-O Nxe4 6. d4 b5 7. Bb3 d5 8. dxe5
Be6 9. c3 Bc5 10. Nbd2 Nxd2 11. Qxd2 O-O 12. Qd3 Ne7 13. Nd4 Bb6 14. Bg5 Qd7
15. Nxe6 fxe6 16. Bc2 Ng6 17. h4 c5 18. h5 c4 19. Qg3 Ne7 20. Bf6 Rf7 21. h6 g6
22. Rad1 Re8 23. b3 Rc8 24. Rd2 Ba5 25. b4 Bc7 26. Qg4 a5 27. a3 Bb6 28. Rfd1
Ra8 29. Be4 Ra6 30. Kf1 1/2-1/2

[Event "17MCR_PFA"]
[Site "?"]
[Date "2003.??.??"]
[Round "?"]
[White "Bosak, Zdenek"]
[Black "Kostal, Jindrich"]
[Result "1/2-1/2"]
[WhiteElo "2250"]
[BlackElo "2330"]
[PlyCount "91"]
[EventDate "2003.??.??"]
[EventType "corr"]
[EventRounds "1"]
[SourceDate "2005.10.25"]

1. e4 e5 2. Nf3 Nc6 3. Bc4 Bc5 4. d3 Nf6 5. Nc3 d6 6. Bg5 Na5 7. Bb3 c6 8. Nd2
h6 9. Bxf6 Qxf6 10. Qf3 Qxf3 11. Nxf3 Nxb3 12. axb3 g5 13. Na4 Bb4+ 14. Ke2 Ba5
15. b4 Bd8 16. Nc3 g4 17. Nd2 b5 18. Nd1 Be6 19. Ne3 Kd7 20. Ra6 Bb6 21. Nf5
Kc7 22. c4 h5 23. Rc1 Bxf5 24. exf5 Kb7 25. Ra2 d5 26. cxd5 cxd5 27. Nb3 Rhc8
28. Raa1 Rxc1 29. Rxc1 Rc8 30. Na5+ Bxa5 31. Rxc8 Kxc8 32. bxa5 Kd7 33. d4 Kd6
34. Ke3 b4 35. a6 f6 36. f3 gxf3 37. gxf3 Kc6 38. h4 Kd7 39. Kd3 Kd6 40. b3 Kd7
41. Ke3 Ke7 42. Kd3 Kd6 43. Ke3 Kd7 44. Kd3 Kc6 45. Ke3 Kd6 46. Kd3 1/2-1/2

[Event "17MCR_PFA"]
[Site "?"]
[Date "2003.??.??"]
[Round "?"]
[White "Klempar, Miloslav"]
[Black "Barta, Tomas"]
[Result "0-1"]
[WhiteElo "2250"]
[BlackElo "1835"]
[PlyCount "96"]
[EventDate "2003.??.??"]
[EventType "corr"]
[EventRounds "1"]
[SourceDate "2005.10.25"]

1. e4 c5 2. Nf3 Nc6 3. d4 cxd4 4. Nxd4 Nf6 5. Nc3 e5 6. Ndb5 d6 7. Bg5 a6 8.
Na3 b5 9. Bxf6 gxf6 10. Nd5 f5 11. c3 Bg7 12. exf5 Bxf5 13. Nc2 Be6 14. a4 Ne7
15. Nxe7 Kxe7 16. axb5 axb5 17. Bxb5 Qb6 18. c4 d5 19. Rxa8 Rxa8 20. b3 Rd8 21.
Qd2 dxc4 22. Qb4+ Kf6 23. bxc4 Bf8 24. Qc3 Bh6 25. O-O Rd2 26. Nb4 Qd4 27. Qf3+
Qf4 28. Qxf4+ exf4 29. f3 Bf8 30. Na6 Rc2 31. Rd1 Bxc4 32. Bxc4 Rxc4 33. Rd2
Rc6 34. Nb8 Rc1+ 35. Kf2 Bc5+ 36. Ke2 Bg1 37. h3 Be3 38. Ra2 Kg5 39. g3 fxg3
40. Kxe3 Kh4 41. Nd7 Kxh3 42. Ra5 Kg2 43. Nf6 Kf1 44. Ne4 g2 45. Nd2+ Kg1 46.
f4 Rc3+ 47. Ke2 Rc2 48. Rd5 Rxd2+ 0-1

[Event "17MCR_PFA"]
[Site "?"]
[Date "2003.??.??"]
[Round "?"]
[White "Javorsky, Jan"]
[Black "Jakimic, Viktor"]
[Result "1-0"]
[WhiteElo "2245"]
[BlackElo "2135"]
[PlyCount "127"]
[EventDate "2003.??.??"]
[EventType "corr"]
[EventRounds "1"]
[SourceDate "2005.10.25"]

1. d4 d5 2. c4 c6 3. Nc3 Nf6 4. Nf3 e6 5. e3 Nbd7 6. Qc2 Bd6 7. b3 O-O 8. Be2
e5 9. cxd5 Nxd5 10. Nxd5 cxd5 11. dxe5 Nxe5 12. Bb2 Bb4+ 13. Kf1 Nxf3 14. Bxf3
Be6 15. Qd3 Qh4 16. h3 Rac8 17. g3 Qg5 18. h4 Qh6 19. Kg2 Be7 20. Rac1 Qg6 21.
Qxg6 hxg6 22. Rhd1 g5 23. hxg5 Rxc1 24. Rxc1 Bxg5 25. Rc7 Rb8 26. Be5 a6 27. a4
Bf6 28. Bxf6 gxf6 29. b4 f5 30. a5 Kf8 31. Be2 Ke8 32. Kf3 Kd8 33. Rc1 Kd7 34.
Kf4 Kd6 35. Rb1 b6 36. b5 bxa5 37. bxa6 Kc7 38. Rc1+ Kb6 39. Ke5 a4 40. Kd4 Ka7
41. Rc7+ Kb6 42. Rc2 Ka7 43. Ra2 Rb4+ 44. Kc5 Rb1 45. Rxa4 Rb2 46. Bd3 Rxf2 47.
Ra3 Rf3 48. Rc3 Rxe3 49. Kd4 Rxd3+ 50. Rxd3 Kxa6 51. Rb3 Ka7 52. Ke5 Ka6 53.
Kd6 Ka5 54. Kc5 Ka6 55. Rb2 Ka7 56. Kc6 d4 57. Rd2 Bb3 58. Rxd4 Ka6 59. Rd8
Ba4+ 60. Kd6 Kb7 61. Ke5 Kc7 62. Rf8 Bb3 63. Kxf5 Kd6 64. Kf6 1-0

[Event "17MCR_PFA"]
[Site "?"]
[Date "2003.??.??"]
[Round "?"]
[White "Geryk, Miroslav"]
[Black "Toman, Antonin"]
[Result "0-1"]
[WhiteElo "2235"]
[BlackElo "2205"]
[PlyCount "106"]
[EventDate "2003.??.??"]
[EventType "corr"]
[EventRounds "1"]
[SourceDate "2005.10.25"]

1. e4 d5 2. exd5 Nf6 3. Bb5+ Bd7 4. Be2 Nxd5 5. d4 Bf5 6. Nf3 e6 7. O-O Be7 8.
c4 Nb4 9. Na3 O-O 10. Bf4 a6 11. Qd2 N8c6 12. Rfd1 Qc8 13. Qe3 Qd7 14. Rd2 Rad8
15. Rad1 Bd6 16. Bxd6 Qxd6 17. Nh4 Ne7 18. Bf3 c6 19. c5 Qc7 20. Nc4 Bc2 21.
Rc1 Nbd5 22. Bxd5 Nxd5 23. Qe5 Bg6 24. Nxg6 hxg6 25. Nd6 Qa5 26. Qe1 Rxd6 27.
b4 Qxb4 28. Rb1 Qa3 29. cxd6 b6 30. d7 Qd6 31. Rc2 Qxd7 32. Rbc1 Rc8 33. Qe2 b5
34. Qd2 Ne7 35. Qa5 Nf5 36. d5 Qxd5 37. Rc5 Qd6 38. Qxa6 Rd8 39. Qa5 Nd4 40.
Kf1 Rd7 41. Qa8+ Qf8 42. Qa3 Qb8 43. g3 Qd8 44. Re1 Rd5 45. Re4 Rf5 46. Qc1 Qd6
47. Rxf5 gxf5 48. Rxd4 Qxd4 49. Qxc6 Qd3+ 50. Kg1 Kh7 51. a3 Qb1+ 52. Kg2 Qe4+
53. Qxe4 fxe4 0-1

[Event "17MCR_PFA"]
[Site "?"]
[Date "2003.??.??"]
[Round "?"]
[White "Jakimic, Viktor"]
[Black "Geryk, Miroslav"]
[Result "1/2-1/2"]
[WhiteElo "2135"]
[BlackElo "2235"]
[PlyCount "35"]
[EventDate "2003.??.??"]
[EventType "corr"]
[EventRounds "1"]
[SourceDate "2005.10.25"]

1. d4 Nf6 2. c4 e6 3. Nc3 Bb4 4. e3 O-O 5. Bd3 c5 6. a3 Bxc3+ 7. bxc3 Nc6 8.
Nf3 d5 9. O-O dxc4 10. Bxc4 Qc7 11. Be2 Rd8 12. Qc2 e5 13. Bb2 Bg4 14. dxe5
Nxe5 15. c4 Nxf3+ 16. gxf3 Bh3 17. Bxf6 gxf6 18. Rfb1 1/2-1/2

[Event "17MCR_PFA"]
[Site "?"]
[Date "2003.??.??"]
[Round "?"]
[White "Barta, Tomas"]
[Black "Javorsky, Jan"]
[Result "0-1"]
[WhiteElo "1835"]
[BlackElo "2245"]
[PlyCount "86"]
[EventDate "2003.??.??"]
[EventType "corr"]
[EventRounds "1"]
[SourceDate "2005.10.25"]

1. e4 e6 2. d4 d5 3. Nc3 Nf6 4. e5 Nfd7 5. f4 c5 6. Nf3 Nc6 7. Be3 Qb6 8. Na4
Qa5+ 9. c3 b6 10. Bd2 c4 11. b4 Nxb4 12. cxb4 Bxb4 13. Qc2 Bxd2+ 14. Nxd2 b5
15. Nc3 b4 16. Qa4 Qb6 17. Ne2 O-O 18. h4 f6 19. Rb1 Rb8 20. h5 h6 21. Nf3 a5
22. exf6 Nxf6 23. Ne5 Ne4 24. Rh3 c3 25. Rd1 Ba6 26. Nd7 Qd6 27. Nxf8 Qxf8 28.
Rf3 Bc4 29. g3 Qf5 30. Qc6 a4 31. Qxa4 Qxh5 32. Bg2 Bxe2 33. Kxe2 b3 34. Qa7
Rb4 35. axb3 Rxb3 36. Qe7 Rb2+ 37. Ke3 Qf5 38. g4 Qxg4 39. f5 Nf6 40. Qxe6+ Kh7
41. Bh1 c2 42. Rc1 Qg5+ 43. Rf4 Rb3+ 0-1

[Event "17MCR_PFA"]
[Site "?"]
[Date "2003.??.??"]
[Round "?"]
[White "Kostal, Jindrich"]
[Black "Klempar, Miloslav"]
[Result "1-0"]
[WhiteElo "2330"]
[BlackElo "2250"]
[PlyCount "109"]
[EventDate "2003.??.??"]
[EventType "corr"]
[EventRounds "1"]
[SourceDate "2005.10.25"]

1. e4 c5 2. Nf3 d6 3. d4 cxd4 4. Nxd4 Nf6 5. Nc3 a6 6. Be2 e5 7. Nb3 Be7 8. O-O
O-O 9. Be3 Be6 10. f4 exf4 11. Bxf4 Nc6 12. Kh1 Rc8 13. Qe1 Nd7 14. Rd1 Nde5
15. Qg3 Bh4 16. Qe3 Bf6 17. Nd5 Bxd5 18. exd5 Na5 19. Nxa5 Qxa5 20. Qb3 b5 21.
Qh3 Rc7 22. a3 Re7 23. Bd2 Qd8 24. Rxf6 gxf6 25. Rf1 Qc8 26. Qg3+ Ng6 27. Bd3
Re5 28. Qf3 Qd8 29. Bc3 Qe7 30. Bxe5 fxe5 31. g3 Qg5 32. h4 Qh6 33. Qf6 Qe3 34.
h5 Qxg3 35. Qf5 Qh4+ 36. Kg2 Kg7 37. hxg6 hxg6 38. Qf2 Qg4+ 39. Qg3 Qxg3+ 40.
Kxg3 f5 41. c4 e4 42. Bxe4 bxc4 43. Bf3 Rb8 44. Be2 Rxb2 45. Bxc4 a5 46. Re1 g5
47. Re7+ Kf8 48. Rd7 Rc2 49. Bb5 Rc5 50. Bc6 Rc3+ 51. Kg2 Rxa3 52. Rxd6 Kg7 53.
Rd8 Rc3 54. Bb7 Kf6 55. d6 1-0

[Event "17MCR_PFA"]
[Site "?"]
[Date "2003.??.??"]
[Round "?"]
[White "Dedina, Miroslav"]
[Black "Bosak, Zdenek"]
[Result "1/2-1/2"]
[WhiteElo "2325"]
[BlackElo "2250"]
[PlyCount "69"]
[EventDate "2003.??.??"]
[EventType "corr"]
[EventRounds "1"]
[SourceDate "2005.10.25"]

1. e4 c5 2. Nf3 Nc6 3. d4 cxd4 4. Nxd4 Nf6 5. Nc3 e6 6. Ndb5 Bb4 7. a3 Bxc3+ 8.
Nxc3 d5 9. exd5 exd5 10. Bd3 O-O 11. O-O d4 12. Ne2 Bg4 13. f3 Bh5 14. Bg5 Qd6
15. Qd2 Rad8 16. Nf4 Bg6 17. Nxg6 hxg6 18. Rfe1 Rfe8 19. Bh4 a6 20. Rad1 Rxe1+
21. Rxe1 Qd7 22. Bf2 Re8 23. Rd1 Rd8 24. Qf4 Nd5 25. Qc1 Nf6 26. Re1 Re8 27.
Rxe8+ Qxe8 28. Qf4 Qd7 29. Bf1 Nd5 30. Qd2 Nf6 31. a4 Qd5 32. b4 b5 33. axb5
axb5 34. c3 dxc3 35. Qxc3 1/2-1/2

[Event "17MCR_PFA"]
[Site "?"]
[Date "2003.??.??"]
[Round "?"]
[White "Kuta, Jiri"]
[Black "Doubek, Svatopluk"]
[Result "1/2-1/2"]
[WhiteElo "2305"]
[BlackElo "2255"]
[PlyCount "80"]
[EventDate "2003.??.??"]
[EventType "corr"]
[EventRounds "1"]
[SourceDate "2005.10.25"]

1. d4 Nf6 2. c4 g6 3. Nc3 Bg7 4. e4 d6 5. f3 O-O 6. Be3 c5 7. Nge2 Nc6 8. d5
Ne5 9. Ng3 e6 10. Be2 exd5 11. cxd5 a6 12. Qd2 b5 13. Bh6 Re8 14. Bxg7 Kxg7 15.
O-O b4 16. Nd1 a5 17. Ne3 h5 18. Rac1 h4 19. Nh1 a4 20. Nf2 h3 21. g4 Ba6 22.
Nxh3 Rh8 23. Ng5 Bxe2 24. Qxe2 Nfxg4 25. Nxf7 Kxf7 26. Nxg4 Qg5 27. Qg2 Nxg4
28. Qxg4 Qxg4+ 29. fxg4+ Ke7 30. Kg2 Raf8 31. h3 Rf6 32. Rce1 c4 33. g5 Rxf1
34. Rxf1 Rc8 35. Rb1 c3 36. bxc3 bxc3 37. Rc1 c2 38. Kf3 Rc3+ 39. Ke2 Rxh3 40.
Rxc2 Kd7 1/2-1/2

[Event "17MCR_PFA"]
[Site "?"]
[Date "2003.??.??"]
[Round "?"]
[White "Vondracek, Emil"]
[Black "Pytlik, Lesek"]
[Result "1/2-1/2"]
[WhiteElo "2275"]
[BlackElo "2260"]
[PlyCount "53"]
[EventDate "2003.??.??"]
[EventType "corr"]
[EventRounds "1"]
[SourceDate "2005.10.25"]

1. Nf3 d5 2. g3 c5 3. Bg2 Nc6 4. d4 Nf6 5. O-O cxd4 6. Nxd4 e6 7. c4 Bc5 8. Nb3
Bb6 9. Nc3 dxc4 10. Qxd8+ Bxd8 11. Nd2 Na5 12. Nb5 O-O 13. Nd6 c3 14. bxc3 Be7
15. N6c4 Nxc4 16. Nxc4 Nd5 17. Bb2 b5 18. Na5 Bd7 19. Rfd1 a6 20. c4 bxc4 21.
Nxc4 Bb5 22. Bxd5 exd5 23. Nb6 Bxe2 24. Rd2 Bc4 25. Nxa8 Rxa8 26. Bd4 Rb8 27.
Re1 1/2-1/2

[Event "17MCR_PFA"]
[Site "?"]
[Date "2003.??.??"]
[Round "?"]
[White "Prchly, Milos"]
[Black "Jirku, Jaroslav"]
[Result "1/2-1/2"]
[WhiteElo "2270"]
[BlackElo "2265"]
[PlyCount "120"]
[EventDate "2003.??.??"]
[EventType "corr"]
[EventRounds "1"]
[SourceDate "2005.10.25"]

1. d4 d5 2. c4 e6 3. Nc3 Nf6 4. Bg5 Be7 5. e3 O-O 6. Nf3 h6 7. Bh4 b6 8. Bd3
Bb7 9. Bxf6 Bxf6 10. cxd5 exd5 11. O-O c5 12. Rc1 Nd7 13. Bf5 g6 14. Bh3 c4 15.
b3 a6 16. a4 Bc6 17. bxc4 dxc4 18. Qe2 b5 19. axb5 axb5 20. d5 Bb7 21. Nxb5
Bxd5 22. e4 Re8 23. Qd2 Be6 24. Bxe6 Rxe6 25. Rxc4 Nb6 26. Rb4 Qxd2 27. Nxd2
Ra2 28. Rd1 Na4 29. Nf1 Be7 30. Rc4 Rb6 31. Nd4 Rbb2 32. Ne3 Bg5 33. Ndc2 Nb6
34. Rc6 Ra4 35. f3 Raa2 36. h3 Kg7 37. Rd3 Bf4 38. Kf1 Na4 39. Rd4 Rb1+ 40. Rd1
Rbb2 41. Nd5 Bd6 42. Rc1 Bc5 43. Nde3 Kf8 44. Rc7 h5 45. h4 Be7 46. f4 Bxh4 47.
Rd1 Nb6 48. Ke2 Be7 49. Kf3 Rb3 50. e5 Ke8 51. Rc6 Rbb2 52. g4 hxg4+ 53. Kxg4
Rb3 54. Kf3 Ra4 55. Nd4 Rbb4 56. Ndc2 Rb2 57. Rd3 Rc4 58. Rxc4 Nxc4 59. Rc3 Nb6
60. Rc6 Kd7 1/2-1/2

[Event "17MCR_PFA"]
[Site "?"]
[Date "2003.??.??"]
[Round "?"]
[White "Novak, Vratislav"]
[Black "Volek, Stanislav"]
[Result "1/2-1/2"]
[WhiteElo "2265"]
[BlackElo "2265"]
[PlyCount "64"]
[EventDate "2003.??.??"]
[EventType "corr"]
[EventRounds "1"]
[SourceDate "2005.10.25"]

1. e4 e6 2. d4 d5 3. e5 c5 4. c3 Nc6 5. Nf3 Qb6 6. a3 Nh6 7. b4 cxd4 8. cxd4
Nf5 9. Be3 Bd7 10. Bd3 Rc8 11. O-O Nxe3 12. fxe3 Be7 13. Nbd2 O-O 14. Nb3 Nb8
15. Qe2 Qd8 16. Nc5 Bc6 17. b5 b6 18. Nxe6 fxe6 19. bxc6 Nxc6 20. Qb2 g6 21.
Qb1 Kg7 22. Bb5 Na5 23. Qd3 Nc4 24. a4 Rc7 25. e4 dxe4 26. Qxe4 Qc8 27. Rac1
Nd2 28. Rxc7 Nxf3+ 29. Rxf3 Qxc7 30. Rxf8 Bxf8 31. Qc6 Qxc6 32. Bxc6 Kf7
1/2-1/2

[Event "17MCR_PFA"]
[Site "?"]
[Date "2003.??.??"]
[Round "?"]
[White "Jirku, Jaroslav"]
[Black "Novak, Vratislav"]
[Result "1-0"]
[WhiteElo "2265"]
[BlackElo "2265"]
[PlyCount "65"]
[EventDate "2003.??.??"]
[EventType "corr"]
[EventRounds "1"]
[SourceDate "2005.10.25"]

1. e4 e5 2. Nf3 d6 3. d4 exd4 4. Nxd4 Nf6 5. Nc3 Be7 6. Bf4 O-O 7. Qd2 d5 8.
Ndb5 c6 9. Nc7 d4 10. Ne2 g5 11. Be5 Nbd7 12. Bxf6 Nxf6 13. Nxa8 Nxe4 14. Qxd4
Bf5 15. Qxd8 Rxd8 16. c3 Rxa8 17. Nd4 Bg6 18. Be2 Re8 19. O-O c5 20. Nb3 b6 21.
Rfe1 Nd6 22. Nd2 Bf6 23. Bf3 Kf8 24. Rxe8+ Kxe8 25. Re1+ Kd7 26. Bd5 Bg7 27.
Nf3 f6 28. h4 h6 29. g4 a6 30. Kg2 Be8 31. Kh3 Bg6 32. Nd2 Bd3 33. Re3 1-0

[Event "17MCR_PFA"]
[Site "?"]
[Date "2003.??.??"]
[Round "?"]
[White "Pytlik, Lesek"]
[Black "Prchly, Milos"]
[Result "1-0"]
[WhiteElo "2260"]
[BlackElo "2270"]
[PlyCount "35"]
[EventDate "2003.??.??"]
[EventType "corr"]
[EventRounds "1"]
[SourceDate "2005.10.25"]

1. e4 e5 2. Nf3 Nf6 3. Nxe5 d6 4. Nf3 Nxe4 5. d4 d5 6. Bd3 Nc6 7. O-O Be7 8.
Re1 Bg4 9. c3 f5 10. Qb3 Qd6 11. Nfd2 O-O-O 12. f3 Bh4 13. Rf1 Bh3 14. Qc2 Qg6
15. Nb3 Rhf8 16. Bf4 Rde8 17. Na3 Ne7 18. Kh1 1-0

[Event "17MCR_PFA"]
[Site "?"]
[Date "2003.??.??"]
[Round "?"]
[White "Doubek, Svatopluk"]
[Black "Vondracek, Emil"]
[Result "1-0"]
[WhiteElo "2255"]
[BlackElo "2275"]
[PlyCount "93"]
[EventDate "2003.??.??"]
[EventType "corr"]
[EventRounds "1"]
[SourceDate "2005.10.25"]

1. d4 Nf6 2. c4 e6 3. Nc3 d5 4. Nf3 c6 5. e3 Nbd7 6. Bd3 dxc4 7. Bxc4 b5 8. Bd3
Bb7 9. O-O a6 10. e4 c5 11. d5 Qc7 12. dxe6 fxe6 13. Bc2 Bd6 14. Ng5 Nf8 15. f4
O-O-O 16. Qe1 h6 17. Nf3 Bxf4 18. e5 Nh5 19. g4 Bxc1 20. Qxc1 Nf6 21. exf6 gxf6
22. Qe3 Rg8 23. Be4 Rxg4+ 24. Kf2 Bc6 25. Rad1 Nd7 26. h3 Rg7 27. Bxc6 Qxc6 28.
Ne4 Qc7 29. Qxh6 Rdg8 30. Rxd7 Qxd7 31. Nxf6 Rg2+ 32. Ke3 Qd6 33. Nxg8 c4 34.
Ne7+ Qxe7 35. Qh8+ Kb7 36. Qd4 e5 37. Qxe5 Qxe5+ 38. Nxe5 Rxb2 39. Rf2 Rb1 40.
Rh2 Re1+ 41. Kd4 Rd1+ 42. Kc5 Rf1 43. h4 c3 44. Kd4 c2 45. Rxc2 Rf4+ 46. Kc5
Rxh4 47. Rf2 1-0

[Event "17MCR_PFA"]
[Site "?"]
[Date "2003.??.??"]
[Round "?"]
[White "Bosak, Zdenek"]
[Black "Kuta, Jiri"]
[Result "1/2-1/2"]
[WhiteElo "2250"]
[BlackElo "2305"]
[PlyCount "51"]
[EventDate "2003.??.??"]
[EventType "corr"]
[EventRounds "1"]
[SourceDate "2005.10.25"]

1. e4 c5 2. Nf3 Nc6 3. Nc3 d6 4. Bb5 e5 5. O-O Nf6 6. Bxc6+ bxc6 7. d3 Be7 8.
Nd2 Be6 9. Nc4 O-O 10. b3 Nd7 11. Ne3 Bg5 12. Qf3 Qf6 13. Qxf6 Bxf6 14. Bd2
Rfd8 15. Rad1 Nf8 16. f4 exf4 17. Rxf4 Ng6 18. Rff1 Rd7 19. Ne2 Re8 20. Ng3 Be5
21. Nef5 d5 22. Be3 d4 23. Bc1 Nf8 24. Ne2 Rdd8 25. Nh4 Bg4 26. Rf2 1/2-1/2

[Event "17MCR_PFA"]
[Site "?"]
[Date "2003.??.??"]
[Round "?"]
[White "Klempar, Miloslav"]
[Black "Dedina, Miroslav"]
[Result "0-1"]
[WhiteElo "2250"]
[BlackElo "2325"]
[PlyCount "112"]
[EventDate "2003.??.??"]
[EventType "corr"]
[EventRounds "1"]
[SourceDate "2005.10.25"]

1. e4 e5 2. Nf3 Nc6 3. Bb5 a6 4. Ba4 Nf6 5. O-O Nxe4 6. d4 b5 7. Bb3 d5 8. dxe5
Be6 9. c3 Bc5 10. Nbd2 Nxd2 11. Qxd2 O-O 12. Bc2 Qd7 13. b4 Bb6 14. a4 Rfe8 15.
Ng5 Bf5 16. axb5 Nxe5 17. bxa6 h6 18. Bxf5 Qxf5 19. Nh3 Nf3+ 20. gxf3 Qxh3 21.
Qd1 Re6 22. Bf4 Rg6+ 23. Bg3 h5 24. Kh1 h4 25. Qxd5 Re8 26. Rg1 hxg3 27. Rxg3
c6 28. Qxf7+ Kxf7 29. Rxh3 Bxf2 30. Rh5 Re2 31. f4 Ra2 32. Rf5+ Ke6 33. Re5+
Kf6 34. Rd1 Rg4 35. Rd6+ Kf7 36. Rd7+ Kg8 37. Rd8+ Kh7 38. Rh5+ Kg6 39. Rg5+
Rxg5 40. fxg5 Kxg5 41. Rd7 Kg4 42. c4 g5 43. Rd3 Rxa6 44. Kg2 Ra2 45. h3+ Kh4
46. Rb3 Bg3+ 47. Kf3 Rf2+ 48. Ke3 Kxh3 49. b5 g4 50. Rb1 cxb5 51. cxb5 Rf3+ 52.
Ke4 Bf2 53. b6 Bxb6 54. Rxb6 Ra3 55. Rb7 g3 56. Kf4 Kg2 0-1

[Event "17MCR_PFA"]
[Site "?"]
[Date "2003.??.??"]
[Round "?"]
[White "Javorsky, Jan"]
[Black "Kostal, Jindrich"]
[Result "1/2-1/2"]
[WhiteElo "2245"]
[BlackElo "2330"]
[PlyCount "109"]
[EventDate "2003.??.??"]
[EventType "corr"]
[EventRounds "1"]
[SourceDate "2005.10.25"]

1. d4 Nf6 2. c4 g6 3. Nc3 Bg7 4. e4 d6 5. Be2 O-O 6. Nf3 e5 7. O-O Nc6 8. d5
Ne7 9. Ne1 c6 10. Nd3 cxd5 11. cxd5 Ne8 12. Be3 f5 13. f3 Nf6 14. Qb3 Rf7 15.
Rac1 a6 16. Bb6 Qd7 17. Nf2 Qe8 18. Bc7 fxe4 19. Ncxe4 Nf5 20. Nxd6 Nxd6 21.
Bxd6 Bf5 22. Rfd1 e4 23. Rc7 Rc8 24. Qxb7 e3 25. Nh3 Bxh3 26. gxh3 Rcxc7 27.
Bxc7 Nh5 28. Qb3 Qe7 29. Bg3 Nxg3 30. hxg3 Qg5 31. Qb8+ Rf8 32. h4 Rxb8 33.
hxg5 Bxb2 34. Bxa6 Bc3 35. Rc1 Ba5 36. Rc2 Kf8 37. Kf1 Rb6 38. Bc4 Rb1+ 39. Ke2
Re1+ 40. Kd3 Bb6 41. f4 Rd1+ 42. Ke2 Rd4 43. Bb3 Kg7 44. Rc6 Rd2+ 45. Ke1 Ba5
46. Re6 Rxa2+ 47. Kf1 Rf2+ 48. Kg1 Rd2 49. Bc4 Bb4 50. Rb6 Bc5 51. Rb7+ Kf8 52.
Kf1 Rf2+ 53. Ke1 Rg2 54. Bd3 Bd6 55. Rb6 1/2-1/2

[Event "17MCR_PFA"]
[Site "?"]
[Date "2003.??.??"]
[Round "?"]
[White "Geryk, Miroslav"]
[Black "Barta, Tomas"]
[Result "0-1"]
[WhiteElo "2235"]
[BlackElo "1835"]
[PlyCount "64"]
[EventDate "2003.??.??"]
[EventType "corr"]
[EventRounds "1"]
[SourceDate "2005.10.25"]

1. e4 e5 2. Nf3 Nc6 3. d4 exd4 4. Nxd4 Nf6 5. Nxc6 bxc6 6. e5 Qe7 7. Qe2 Nd5 8.
c4 Ba6 9. b3 O-O-O 10. g3 f6 11. Bg2 fxe5 12. O-O Nf6 13. Ba3 Qe6 14. Qd2 Bxa3
15. Nxa3 Bb7 16. Qa5 Kb8 17. Rae1 d5 18. Nc2 Rhe8 19. f4 e4 20. Nd4 Qe7 21. f5
dxc4 22. Ne6 Rd5 23. Qc3 cxb3 24. axb3 c5 25. Rc1 Qd6 26. Nxc5 Bc8 27. b4 Rxf5
28. Rfd1 Rd5 29. Rxd5 Qxd5 30. b5 Qd6 31. Qc2 Ng4 32. Qc3 e3 0-1